| Tag |
First Indicator |
Second Indicator |
Subfields |
| LEADER |
00000cam a2200000 a 4500 |
| 001 |
in00001594449 |
| 005 |
20151023050424.0 |
| 008 |
991213s2000 enka b 001 0 eng |
| 010 |
|
|
|a 99087329
|
| 020 |
|
|
|a 0521630282 (hb)
|
| 035 |
|
|
|a (OCoLC)ocm43384693
|
| 040 |
|
|
|a DLC
|c DLC
|d TXA
|d UtOrBLW
|
| 049 |
|
|
|a TXAM
|
| 050 |
0 |
0 |
|a TK5105.884
|b .B45 2000
|
| 082 |
0 |
0 |
|a 025.04
|2 21
|
| 100 |
1 |
|
|a Belew, Richard K.
|
| 245 |
1 |
0 |
|a Finding out about :
|b a cognitive perspective on search engine technology and the WWW /
|c Richard K. Belew.
|
| 264 |
|
1 |
|a Cambridge ;
|a New York :
|b Cambridge University Press,
|c 2000.
|
| 300 |
|
|
|a xxvii, 356 pages :
|b illustrations ;
|c 25 cm. +
|e 1 CD-ROM (4 3/4 in.).
|
| 336 |
|
|
|a text
|b txt
|2 rdacontent
|
| 337 |
|
|
|a unmediated
|b n
|2 rdamedia
|
| 338 |
|
|
|a volume
|b nc
|2 rdacarrier
|
| 504 |
|
|
|a Includes bibliographical references (pages 321-346) and index.
|
| 538 |
|
|
|a System requirements for accompanying CD-ROM: Windows 95, MacOS7.x, Linux or Unix; Netscape 4.0 or Microsoft Internet Explorer 4.0 required (Netscape 4.7 or Microsoft Internet Explorer 5.0 recommended).
|
| 650 |
|
0 |
|a Search engines
|x Programming.
|
| 650 |
|
0 |
|a World Wide Web
|x Computer programs.
|
| 650 |
|
0 |
|a Web search engines.
|
| 948 |
|
|
|a cataloged
|b h
|c 2001/3/29
|d c
|e dmitchel
|f 11:30:20 am
|
| 994 |
|
|
|a E0
|b TXA
|
| 999 |
|
|
|a MARS
|
| 999 |
f |
f |
|s 6aecd971-5ee6-35a4-b04b-6da18f5257fb
|i 8d090d25-f8f8-384f-8652-fddad75d6ba6
|t 0
|
| 952 |
f |
f |
|p ric
|a Texas A&M University
|b Rellis Campus
|c Joint Library Facility
|d Remote Storage
|t 0
|e TK5105.884 .B45 2000
|h Library of Congress classification
|i unmediated -- volume
|m A14827490663
|
| 998 |
f |
f |
|a TK5105.884 .B45 2000
|t 0
|l Remote Storage
|